[Event "Helsingor Xtracon op"]
[Site "Helsingor"]
[Date "2017.07.26"]
[Round "6"]
[White "Stage, Mathias Juul"]
[Black "Joa, Vegard"]
[Result "1-0"]
[WhiteElo "1544"]
[BlackElo "1105"]
[PlyCount "57"]
[EventDate "2017.07.22"]
[EventType "swiss"]
[EventRounds "10"]
[EventCountry "DEN"]
[SourceTitle "CBM 179 Extra"]
[Source "ChessBase"]
[SourceDate "2017.08.23"]
[SourceVersion "1"]
[SourceVersionDate "2017.08.23"]
[SourceQuality "1"]

1. Nf3 d6 2. g3 Bg4 3. Bg2 Bxf3 4. Bxf3 c6 5. 0-0 e5 6. Nc3 Nf6 7. d3 d5 8. Bg5 Nbd7 9. e4 d4 10. Ne2 Be7 11. c3 c5 12. Bg2 0-0 13. cxd4 cxd4 14. f4 Ng4 15. Bxe7 Qxe7 16. Qb3 Nc5 17. Qa3 Ne3 18. Rfc1 b6 19. Bh3 Qd6 20. fxe5 Qxe5 21. Nf4 f5 22. b4 Nb7 23. exf5 Nxf5 24. Bg2 Qe3+ 25. Kh1 Rf7 26. Bd5 Nfd6 27. Bxf7+ Kxf7 28. Rc7+ Kf6 29. Nd5+ 1-0